000 00335nam a22001457a 4500
008 221020b ||||| |||| 00| 0 eng d
020 _a9780130918499
041 _aeng
080 _2TENTH EDITION
_a159.9
082 _a159.9 SAR
100 _a24.1
101 _aPSI
245 _aABNORMAL PSYCHOLOGY
_cSARASON G.I
942 _2udc
_cBK
999 _c58632
_d58632